000 00328nam a22001097a 4500
999 _c8522
_d8522
008 180209b xxu||||| |||| 00| 0 eng d
245 _aRevise anti-hazing law:
_bSenators favor total hazing ban in fraternities.
260 _aPhilippines:
_bSun Star Davao,
_cc2017.
300 _apage 10.
650 0 _937104
_aLaw.
942 _2ddc
_cPER